Cognitive processes and Pavlovian conditioning in humans /

Bibliographic Details
Other Authors: Davey, Graham
Format: Book
Language:English
Published: Chichester [West Sussex] ; New York : Wiley, [1987]
Subjects:

MARC

Tag First Indicator Second Indicator Subfields
LEADER 00000cam a2200000 a 4500
001 in00000011790
005 20151007051708.0
008 860728s1987 enka b 00100 eng
010 |a  86019036  
020 |a 047190791X :  |c $41.00 
035 |a (OCoLC)14069308 
035 |9 AAA4336AM 
040 |a DLC  |c DLC  |d m/c  |d TXA  |d UtOrBLW 
049 |a TXAM  |c [A12644964] 
050 0 0 |a BF319  |b .C576 1987 
082 0 |a 153  |2 19 
245 0 0 |a Cognitive processes and Pavlovian conditioning in humans /  |c edited by Graham Davey. 
264 1 |a Chichester [West Sussex] ;  |a New York :  |b Wiley,  |c [1987] 
264 4 |c ©1987 
300 |a x, 298 pages :  |b illustrations ;  |c 24 cm. 
336 |a text  |b txt  |2 rdacontent 
337 |a unmediated  |b n  |2 rdamedia 
338 |a volume  |b nc  |2 rdacarrier 
504 |a Includes bibliographies and indexes. 
650 0 |a Classical conditioning. 
650 0 |a Human information processing. 
650 0 |a Learning, Psychology of. 
650 0 |a Human behavior. 
700 1 |a Davey, Graham. 
999 |a MARS 
999 f f |s 018fbdc8-df5b-3dbc-835d-d489cd5e0158  |i fd40b451-ae4e-31e6-9bfa-1870207e586d  |t 0 
952 f f |p normal  |a Texas A&M University  |b College Station  |c Sterling C. Evans Library  |d Evans: Library Stacks  |t 0  |e BF319 .C576 1987  |h Library of Congress classification  |i unmediated -- volume  |m A14812644964 
998 f f |a BF319 .C576 1987  |t 0  |l Evans: Library Stacks